Stati degli Stati Uniti d'America - Click Map - Statistics

Statistiche generali
  • Questo quiz è stato fatto 898 volte
  • Il punteggio medio è 19 su 50
Risposte nella Mappa
Le risposte nella mappa del quiz sottostante sono codificate secondo una scala di colori dal rosso al verde in base alla % di persone che hanno risposto correttamente.
 
Statistiche sulle risposte
Risposta % Corretto
California
74%
Hawaii
69%
Alaska
61%
Dakota del Nord
57%
Arizona
56%
Dakota del Sud
54%
Florida
52%
Maine
52%
Texas
52%
Michigan
51%
Carolina del Sud
49%
New York
46%
Georgia
45%
Minnesota
45%
Oregon
44%
Washington
43%
Kentucky
39%
Nevada
39%
New Messico
39%
New Jersey
38%
Oklahoma
38%
Colordato
37%
Ohio
37%
Montana
36%
Alabama
34%
Wisconsin
34%
Illinois
32%
Arkansas
31%
Carolina del Nord
31%
Massachusetts
31%
Virginia Occidentale
31%
Idaho
30%
Kansas
30%
Louisiana
29%
Missouri
29%
New Hampshire
29%
Mississippi
28%
Pennsylvania
28%
Tennessee
28%
Virginia
28%
Rhode Island
27%
Connecticut
26%
Nebraska
26%
Delaware
22%
Maryland
21%
Utah
21%
Vermont
20%
Indiana
19%
Iowa
19%
Wyoming
17%
Nessun quiz corrispondente trovato
Distribuzione punteggi
Percentuale di utenti per punteggio
Percentile per numero di risposta
I tuoi punteggi nel tempo
Non hai fatto questo quiz